| 000 | 00520nam a2200193 a 4500 | ||
|---|---|---|---|
| 005 | 20240815063750.0 | ||
| 008 | 060224s2003 mx r 000 0 spa d | ||
| 020 | _a8434437112 | ||
| 035 | _aUPN01000142717 | ||
| 049 | _aCG | ||
| 050 | 4 |
_aRC552 A5 _bA5.6 |
|
| 245 | 0 | 0 |
_aAnorexia nerviosa / _ced. Luis Rojo. |
| 260 |
_aBarcelona, Esp. : _bAriel, _c2003. |
||
| 300 |
_axxi, 528 p. : _btablas |
||
| 440 | 0 | _aAriel ciencia médicas | |
| 650 | 2 |
_aAnorexia nerviosa _94748 |
|
| 700 | 1 |
_aRojo, Luis, _eed. |
|
| 905 | _aLibro | ||
| 999 |
_c114864 _d114864 |
||